00400nam a2200133 a 450000100100000000500170001000800410002704000250006808200150009310000170010824500710012526000490019630000210024500003380920200930070533.0110912s1892 000 0 spa d aDO-SdBNPbspacBNPHU axxxbH155d1 aHakes, Harry10aThe discovery of América by Christopher Columbus /cHarry Hakes. as.l., :bRobert Baur y Son, Printers,c1892. a132 p. ;c19 cm.